000 01256cam a22003497a 4500
001 16781336
003 20170124092413.0
005 20240606080940.0
008 110516s2010 maua a 001 0 eng
035 _a(OCoLC)ocn401337953
040 _aNUI
_cNUI
_dNUI
_dBTCTA
_dYDXCP
_dUV0
_dDLC
042 _alccopycat
050 0 0 _aQA76.5
_b.S4577 2010
082 0 0 _a004
_223
100 1 _aShelly, Gary B.
245 1 0 _aDiscovering computers:
_bwith microsoft office 2010 CSCI 1101 2013-14
260 _aBoston, MA :
_bCourse Technology, Cengage Learning,
_cc2010.
300 _a1 v. (various pagings) :
_bill. (chiefly col.) ;
_c28 cm.
490 1 _aShelly Cashman series
504 _aIncludes index.
650 0 _aComputers.
650 0 _aComputer science.
650 0 _aComputer networks.
700 1 _aVermaat, Misty.
700 1 _aQuasney, Jeffrey J.
700 1 _aSebok, Susan L.
700 1 _aFreund, Steven M.
800 1 _aShelly, Gary B.
_tShelly Cashman series.
906 _a7
_bcbc
_ccopycat
_d2
_encip
_f20
_gy-gencatlg
942 _2lcc
_cBK
999 _c4649
_d4649